NFL Week 13 Fantasy Leaders 2025-2026 - Statistics

General Stats
  • This quiz has been taken 120 times
  • The average score is 9 of 20
Answer Stats
Position Points Player % Correct
QB 29.4 Patrick Mahomes
83%
WR 24.2 CeeDee Lamb
77%
WR 35.2 AJ Brown
74%
WR 26.9 Jameson Williams
68%
RB 30.3 Bijan Robinson
66%
WR 29.4 Rashee Rice
66%
TE 22.2 Trey McBride
66%
QB 21.6 Dak Prescott
64%
TE 22.3 Brock Bowers
52%
WR 21.8 Davante Adams
45%
QB 25.8 Jordan Love
43%
K 24 Evan McPherson
39%
QB 22.5 Bryce Young
36%
WR 21.5 Nico Collins
33%
QB 21.7 Trevor Lawrence
30%
WR 28 Dontayvion Wicks
26%
WR 22.6 Terry McLaurin
20%
WR 24.2 Adonai Mitchell
17%
QB 24.3 Marcus Mariota
17%
WR 23.3 Devaugh Vele
6%
No matching quizzes found
Score Distribution
Percent of People with Each Score
Percentile by Number Answered
Your Score History
You have not taken this quiz